Biblioteca y Centro de Documentación

La demandada y ausente transparencia española (Registro nro. 46505)

Detalles MARC
000 -CABECERA
Longitud fija campo de control 01061naa a2200253 c 4500
001 - NÚMERO DE CONTROL
Número de control 46505
003 - IDENTIFICADOR DE NÚMERO DE CONTROL
Identificador del número de control ES-MaCES
005 - FECHA Y HORA DE LA ÚLTIMA TRANSACCIÓN
Fecha y hora de la última transacción 20150930125714.0
008 - CAMPO FIJO DE DESCRIPCIÓN FIJA--INFORMACIÓN GENERAL
Códigos de información de longitud fija   150930s2015 sp ||||| t||||||| ||spa d
040 ## - FUENTE DE CATALOGACIÓN
Centro catalogador de origen ES-MaCES
Lengua de catalogación spa
Centro transcriptor ES-MaCES
Centro modificado ES-MaCES
100 1# - ENCABEZAMIENTO PRINCIPAL--NOMBRE PERSONAL
9 (RLIN) 9250
Nombre de persona Castellano Burguillo, Emilia
245 ## - MENCIÓN DE TÍTULO
Título La demandada y ausente transparencia española
Mención de responsabilidad, etc. Emilia Castellano Burguillo
610 14 - ASIENTO SECUNDARIO DE MATERIA--NOMBRE CORPORATIVO
9 (RLIN) 34985
Nombre de entidad corporativa o nombre de jurisdicción como elemento inicial España
Fecha del congreso o de la firma de un tratado 2013
Título de la obra Ley de transparencia, acceso a la información pública y buen gobierno
650 #4 - ASIENTO SECUNDARIO DE MATERIA--TÉRMINO DE MATERIA
9 (RLIN) 29226
Término de materia o nombre geográfico como elemento inicial acceso a la información
650 #4 - ASIENTO SECUNDARIO DE MATERIA--TÉRMINO DE MATERIA
9 (RLIN) 29540
Término de materia o nombre geográfico como elemento inicial divulgación de la información
650 #4 - ASIENTO SECUNDARIO DE MATERIA--TÉRMINO DE MATERIA
9 (RLIN) 27214
Término de materia o nombre geográfico como elemento inicial administración pública
650 #4 - ASIENTO SECUNDARIO DE MATERIA--TÉRMINO DE MATERIA
9 (RLIN) 27210
Término de materia o nombre geográfico como elemento inicial gobierno
650 #4 - ASIENTO SECUNDARIO DE MATERIA--TÉRMINO DE MATERIA
9 (RLIN) 27172
Término de materia o nombre geográfico como elemento inicial situación jurídica
650 #4 - ASIENTO SECUNDARIO DE MATERIA--TÉRMINO DE MATERIA
9 (RLIN) 27153
Término de materia o nombre geográfico como elemento inicial legislación
653 10 - TÉRMINO DE INDEXACIÓN--NO CONTROLADO
Término no controlado Derecho administrativo
773 0# - ENTRADA DE DOCUMENTO FUENTE
Itemnumber del ítem fuente 83474
Lugar, editor y fecha de publicación Albacete (Concepción, 12, 2º izda., 02002) Bomarzo 1998-
Otro identificador del documento 086374
Título Revista de derecho social
Número de control del registro relacionado (ES-MaCES)25695
Parte(s) relacionada(s) n. 70 (abr.-jun. 2015) {10693 R. 086374} ;p. 97-122
902 ## - CES. TIPO DE DOCUMENTO
Tipodoc (006$c Sirtex) ART Artículo de revista
942 ## - ELEMENTOS KOHA
Fuente de clasificaión o esquema Clasificación propia del CES
Koha [por defecto] tipo de item Artículos (1982-2017)
Parte de clasificación Derecho Administrativo

No hay ítems disponibles.

© CES, Consejo Económico y Social de España 2021